000 00238nam a22001097a 4500
082 _a621.366WIN
100 _aWinburn
245 _aWhat every engineer should know about
260 _aNew York
_bMarcel
_c1987
300 _a203
942 _cBK
999 _c14848
_d14848